Quiz: Star Wars La Menace Fantome - Statistiques

Statistiques générales
  • Ce quiz a été pris 166 fois
    165 depuis la dernière actualisation
  • Le résultat moyen est 9 sur 15
Statistiques - réponses
Questions Réponses % Correct
Quel est le nom du jeune esclave talentueux rencontré sur Tatooine ? Anakin Skywalker
94%
Quel est le nom du seigneur Sith qui combat Obi-Wan Kenobi lors du duel final ? Dark Maul
94%
Quel est le nom de la planète où se déroule une grande partie de l'action ? Naboo
93%
Qui est le mentor d'Obi-Wan Kenobi dans le film ? Qui-Gon Jinn
93%
Comment s'appelle le Gungan exilé qui devient un héros de guerre dans le film ? Jar Jar Binks
89%
Quel est le nom de la reine de Naboo que Qui-Gon Jinn et Obi-Wan Kenobi protègent ? Padmé Amidala
88%
Quel est le nom du célèbre Maître Jedi qui dirige le Conseil Jedi ? Yoda
85%
Qui est le principal antagoniste Sith ? Dark Sidious
73%
Quel est le nom de la race à laquelle appartient Jar Jar Binks ? Les Gungans
51%
Quel personnage politique corrompu manipule les événements en coulisses pour prendre le contrôle de la galaxie ? (titre + nom) Sénateur Palpatine
48%
Comment s'appelle le chef de cette espèce ? Boss Nass
40%
Quel est le nom du personnage joué par Keira Knightley dans le film ? Sabé
29%
Qui est le jeune acteur qui joue le rôle d'Anakin Skywalker dans le film ? Jake Lloyd
19%
Quel est le nom de la célèbre course de pods qui a lieu sur Tatooine dans le film ? La course de pods de Boonta Eve
10%
Quel est le nom du vaisseau spatial piloté par Qui-Gon Jinn, Obi-Wan Kenobi et Padmé Amidala ? Nubian Royal Starship
1%
Aucun quiz correspondant
Distribution des résultats
% des personnes avec chaque résultat
Percentile par nombre de réponses
Votre historique - résultats
Vous n’avez pas pris ce quiz depuis la dernière actualisation